000 00592nam a22001937a 4500
999 _c64191
_d64191
005 20260430163301.0
008 260430s2001 fr ||||| |||| 00| 0 fre d
020 _a9782100055357x
041 _afre
080 _a330.101.541 B-45
100 _a Bernier, Bernard
_927399
245 _aInitiation à la macroéconomie /
_cBernard Bernier, Yves Simon.
250 _a8e édition
264 _aParis,
_bDunod,
_c2001.
300 _a558 p.;
_b24 cm.
653 _aმაკროეკონომიკა
700 _a Simon, Yves
_eავტორი
_927400
942 _2udc
_cᲬᲘᲒᲜᲘ